000 00453nam a2200169 a 4500
001 6491
003 CO-ViMGA
008 141112s2004 ck r 000 u spa d
040 _aCO-ViMGA
_bspa
_cCO-ViMGA
082 0 4 _aU863.44 G153d
100 1 _aGaleano, Eduardo
_95192
245 1 0 _aDías y noches de amor y de guerra
260 _aSantafé de Bogotá :
_bTercer Mundo,
_c1995
300 _a222 p
650 1 4 _aRELATOS URUGUAYOS
_95193
942 _2ddc
_cBK
999 _c18461
_d18461